Science Quiz

Random Science Quiz

Blood's Path Through the Body Quiz Stats

 Plays Quiz not verified by Sporcle

Score 0/14 Timer 05:00
0 Plays Today
hint name % Correct
????
100%
????
97.3%
????
79.5%
????
76.6%
????
73.7%
????
73.5%
????
73.5%
hint name % Correct
????
70.6%
????
53%
????
38.3%
????
36.2%
????
28.7%
????
28.1%
????
25.6%

You're not logged in!

Compare scores with friends on all Sporcle quizzes.
OR
Log In

Show Comments

Extras

Created Nov 9, 2010ReportNominate
Tags:blood, body, heart, path

Top Quizzes Today


Score Distribution

Your Account Isn't Verified!

In order to create a playlist on Sporcle, you need to verify the email address you used during registration. Go to your Sporcle Settings to finish the process.

Report this User

Report this user for behavior that violates our Community Guidelines.

Details: